Life's other secret : (Record no. 304)

MARC details
000 -LEADER
fixed length control field 01216cam a2200289 a 4500
001 - CONTROL NUMBER
control field 4962188
003 - CONTROL NUMBER IDENTIFIER
control field OSt
005 - DATE AND TIME OF LATEST TRANSACTION
control field 20140730173715.0
008 - FIXED-LENGTH DATA ELEMENTS--GENERAL INFORMATION
fixed length control field 970619s1998 nyuaf b 001 0 eng
010 ## - LIBRARY OF CONGRESS CONTROL NUMBER
LC control number 97018152
020 ## - INTERNATIONAL STANDARD BOOK NUMBER
International Standard Book Number 0471158453 (alk. paper)
040 ## - CATALOGING SOURCE
Original cataloging agency DLC
Transcribing agency DLC
Modifying agency DLC
050 00 - LIBRARY OF CONGRESS CALL NUMBER
Classification number QH323.5
Item number .S74 1998
082 00 - DEWEY DECIMAL CLASSIFICATION NUMBER
Classification number 570.1 STE 1998
Edition number 21
100 1# - MAIN ENTRY--PERSONAL NAME
Personal name Stewart, Ian,
Dates associated with a name 1945-
9 (RLIN) 803
245 10 - TITLE STATEMENT
Title Life's other secret :
Remainder of title the new mathematics of the living world /
Statement of responsibility, etc. Ian Stewart.
260 ## - PUBLICATION, DISTRIBUTION, ETC. (IMPRINT)
Place of publication, distribution, etc. New York :
Name of publisher, distributor, etc. John Wiley,
Date of publication, distribution, etc. c1998.
300 ## - PHYSICAL DESCRIPTION
Extent xiii, 285 p., [8] p. of plates :
Other physical details ill. ;
Dimensions 25 cm.
504 ## - BIBLIOGRAPHY, ETC. NOTE
Bibliography, etc Includes bibliographical references (p. 265-270) and index.
650 #0 - SUBJECT ADDED ENTRY--TOPICAL TERM
Topical term or geographic name as entry element Biomathematics.
9 (RLIN) 804
856 4# - ELECTRONIC LOCATION AND ACCESS
Materials specified Table of Contents
Uniform Resource Identifier <a href="http://www.loc.gov/catdir/toc/onix05/97018152.html">http://www.loc.gov/catdir/toc/onix05/97018152.html</a>
856 42 - ELECTRONIC LOCATION AND ACCESS
Materials specified Contributor biographical information
Uniform Resource Identifier <a href="http://www.loc.gov/catdir/enhancements/fy0706/97018152-b.html">http://www.loc.gov/catdir/enhancements/fy0706/97018152-b.html</a>
856 42 - ELECTRONIC LOCATION AND ACCESS
Materials specified Publisher description
Uniform Resource Identifier <a href="http://www.loc.gov/catdir/enhancements/fy0706/97018152-d.html">http://www.loc.gov/catdir/enhancements/fy0706/97018152-d.html</a>
906 ## - LOCAL DATA ELEMENT F, LDF (RLIN)
a 7
b cbc
c orignew
d 1
e ocip
f 19
g y-gencatlg
942 ## - ADDED ENTRY ELEMENTS (KOHA)
Source of classification or shelving scheme Other/Generic Classification Scheme
Koha item type Book Bank
Holdings
Withdrawn status Lost status Source of classification or shelving scheme Damaged status Not for loan Home library Current library Date acquired Source of acquisition Inventory number Total Checkouts Full call number Barcode Date last seen Price effective from Koha item type
    Other/Generic Classification Scheme     MUST Main Library MUST Main Library 30/07/2014 Purchase 2012/36590   570.1 STE 1998 2014-1645 30/07/2014 30/07/2014 Book Bank
    Other/Generic Classification Scheme     MUST Main Library MUST Main Library 30/07/2014 Purchase 2012/36591   570.1 STE 1998 2014-1646 30/07/2014 30/07/2014 Book Bank
    Other/Generic Classification Scheme     MUST Main Library MUST Main Library 30/07/2014 Purchase 2012/36589   570.1 STE 1998 2014-1647 30/07/2014 30/07/2014 Book Bank
    Other/Generic Classification Scheme     MUST Main Library MUST Main Library 30/07/2014 Purchase 2012/36593   570.1 STE 1998 2014-1648 30/07/2014 30/07/2014 Book Bank
    Other/Generic Classification Scheme     MUST Main Library MUST Main Library 30/07/2014 Purchase 2012/36592   570.1 STE 1998 2014-1649 30/07/2014 30/07/2014 Book Bank